| 000 | 01589nam a2200349 i 4500 | ||
|---|---|---|---|
| 001 | 768714001 | ||
| 003 | CO-MdFUSB | ||
| 005 | 20251029093127.0 | ||
| 007 | ta | ||
| 008 | 251016t2011 pe |||| |||| 00| 0 spa d | ||
| 020 | _a9789972701726 | ||
| 040 |
_aCO-MdFUSB _bspa _cCO-MdFUSB _dCO-MdFUSBC _erda |
||
| 041 | _aspa | ||
| 082 |
_223 _a261.7 _bR744r |
||
| 100 |
_aRoldán, Alberto F. _eautor |
||
| 245 | 1 |
_aReino, política y misión : _bsus relaciones en perspectiva latinoamericana _c/ Alberto F. Roldán |
|
| 250 | _aprimera edición | ||
| 264 | 1 |
_bEdiciones Puma, _aLima, Perú : _c[2011] |
|
| 264 | 4 | _c©2011 | |
| 300 |
_a224 páginas _c; 23 cm |
||
| 336 |
_2rdacontent _atexto _btxt |
||
| 337 |
_2rdamedia _asin mediación _bn |
||
| 338 |
_2rdacarrier _avolumen _bnc |
||
| 505 | _aConcepciones del Reino y missio Dei. -- El Reino de Dios en la teología latinoamericana. -- La ética social y política de Juan Calvino. -- La importancia del comentario de Karl Barth a la carta a los Romanos. -- Carácter dialéctico de la justicia y praxis sociopolítica en Karl Barth. -- El círculo hermenéutico en las teologías de Juan Calvino y Karl Barth. -- Las teologías políticas de Jurgen Moltmann y Johann Baptist Metz. -- América Latina y Edimburgo 1910-2010: De la exclusión al protagonismo en la misión. | ||
| 563 | _aRústico | ||
| 650 | 7 |
_aÉtica cristiana _9185 |
|
| 650 | 7 |
_aReligión y política _9286 _b-- América Latina |
|
| 650 | 7 |
_aReino de Dios _9219 _b-- Teología Latinoamericana |
|
| 653 | _aTeología histórica | ||
| 942 | _cBK | ||
| 945 | _aJTF-925 | ||
| 999 |
_c71492 _d71492 |
||